| 000 | 00372nam a22001337a 4500 | ||
|---|---|---|---|
| 020 | _a9780198870197 | ||
| 040 | _cDLC | ||
| 082 |
_a616.12 _bWAS |
||
| 245 |
_aOxford Textbook of Endocrinology & Diabetes / _cEdited by John Wass [...et al] |
||
| 250 | _a3rd | ||
| 260 |
_aU.K : _bOxford University Press, _c2022. |
||
| 300 |
_a3 volume set; _bill, _c28 cm. |
||
| 942 |
_2ddc _cBK |
||
| 999 |
_c595569 _d595569 |
||